| 000 | 00545nam a22001457a 4500 | ||
|---|---|---|---|
| 999 |
_c535632 _d535632 |
||
| 082 | _a629.04 | ||
| 100 | _aHanif, Muhammad Umer | ||
| 245 |
_aPerformance evaluation of crumb rubber modified asphalt mixtures through laboratory investigation / _cMuhammad Umer Hanif. |
||
| 260 |
_aIslamabad : _bNIT - SCEE - NUST, _c2014. |
||
| 300 |
_a128 p. : ill. _c30cm. |
||
| 942 |
_2ddc _cTHE |
||
| 650 |
_aTransportation Engineering - MS Theses. _930342 |
||
| 700 |
_aSup : Dr. Muhammad Irfan. _930343 |
||